000
00318nam a2200133Ia 4500
003
OSt
005
20240115123705.0
008
170524s9999 xx 000 0 und d
020
_a
0070146624
040
_c
iimt university meerut
100
_a
JAWADEKAR- W.S
245
0
_a
MANAGEMENT INFORMATION SYSTEM
942
_2
ddc
_c
02
999
_c
4391
_d
4391